000 00199nam a22000857a 4500
008 170619b xxu||||| |||| 00| 0 eng d
100 _93512
_aLangton. J
245 _aThe fledgling
260 _aU. S. A
_c1980
999 _c6896
_d6896